00560nam a2200157 a 450000100100000000500170001000800410002704000250006808200150009310000270010824500480013526000610018330000280024495201130027299900170038500003656120200930075811.0120120s1993 xxua 000 0 spa d aDO-SdBNPbspacBNPHU axxxbM478u1 aMcQuay, Earl P.96282413aUn panorama de la biblia /cEarl P. McQuay. aCrete, Ilinois,Estados Unidos :bLa liga biblica,c1993. a124 p. :bil. ;c21 cm. 001050718MOaPDbPDcCTd2012-01-20iLF1l0oxxx M478up36561-10r2020-06-25w2020-06-25y1ZNo se presta c36052d36052